000 00923nam0a22002651 4500
001 rc\1132405
005 20250622191033.0
035 _a(NLR Aleph) 006373742
090 _a5021264
_c5021264
100 _a20041126d1980 |||y0rusy50 ca
101 0 _arus
102 _aRU
105 _ay |||||||||
200 1 _aКазанская тетрадь
_eЛирика
_fНиколай Беляев
_g[Предисл. С. Хакима]
210 _aКазань
_cТатар. кн. изд-во
_d1980
215 _a112 с.
_d16
327 0 _aЦиклы: Память; Казанская тетрадь
464 0 _12001#$aПамять
_tПамять
464 0 _12001#$aКазанская тетрадь
_tКазанская тетрадь
700 1 _aБеляев
_bН.Н.
_gНиколай Николаевич
801 0 _aRU
_bNLR
_gpsbo
801 1 _aRU
_bELAR
_2rusmarc
852 _aNLR
_j81-2/606
942 _cBOOK
980 _aNB